000 00543nam a2200181 i 4500
001 99813
003 ES-MaACL
005 20250909203621.0
007 t|
008 050919s1961 sp ||||1| spa d
100 1 _aMartínez Fernández, Jesús.
_978080
245 1 0 _aPerfil de Gaspar Casal /
_cpor el Dr. Jesús Martínez Fernández.
260 _aOviedo :
_b[s.n.],
_c1961 (
_fGráf. Summa)
300 _a122 p. ;
_c19 cm.
600 0 4 _aCasal, Gaspar,
_d1680-1759
_936046
852 _aES-MaACL
_jF-221
_bR.48028
999 _c99813
_d99813